000 00236nam a22000977a 4500
082 _a658 MAN'
245 _aMANAGEMENT STATISTICS AND FINANCIAL MANAGEMENT
260 _aKULDANA
_bARMY SCHOOL OF LOGISTICS
300 _aVOL-3
942 _cBK
999 _c578331
_d578331